Electrical engineers’ handbook
Salvato in:
| Autore principale: | |
|---|---|
| Altri autori: | |
| Natura: | Libro |
| Lingua: | English |
| Pubblicazione: |
New York, New York : Willey,
1949.
|
| Edizione: | 4th edition |
| Serie: | Wiley engineering handbook series
|
| Soggetti: | |
| Tags: |
Aggiungi Tag
Nessun Tag, puoi essere il primo ad aggiungerne!!
|
MARC
| LEADER | 00000nam a2200000Ia 4500 | ||
|---|---|---|---|
| 003 | L000718 | ||
| 005 | 20221231143944.0 | ||
| 008 | 140114s1949 nyua 000 ||eng d | ||
| 040 | |c cru CEDI | ||
| 082 | |a 621.302 P397e4 | ||
| 100 | |a Pender, Harold, n. 1879 |9 19456 | ||
| 245 | |a Electrical engineers’ handbook | ||
| 250 | |a 4th edition | ||
| 260 | |a New York, New York : Willey, |c 1949. | ||
| 300 | |a 2 volúmenes : ilustraciones ; 22 cm.-- | ||
| 440 | |a Wiley engineering handbook series |9 19458 | ||
| 500 | |a Contents.--v. 1. Electric power.--v. 2. Electric communication and electronics. | ||
| 650 | |x INGENIERÍA ELÉCTRICA - MANUALES |9 641 | ||
| 700 | |a Del Mar, William Arthur, n. 1880 |9 19457 | ||
| 942 | |2 ddc |c BK | ||
| 999 | |c 14756 |d 14756 | ||
